Normal view
MARC view
Entry Topical Term
001 - CONTROL NUMBER
- control field: 18400
003 - CONTROL NUMBER IDENTIFIER
- control field: BD-RjUL
005 - DATE AND TIME OF LATEST TRANSACTION
- control field: 20260507105412.0
008 - FIXED-LENGTH DATA ELEMENTS
- fixed length control field: 260507|| aca||aabn | a|a d
040 ## - CATALOGING SOURCE
- Original cataloging agency: BD-RjUL
- Transcribing agency: BD-RjUL
150 ## - HEADING--TOPICAL TERM
- Topical term or geographic name entry element: Islamic moral life
670 ## - SOURCE DATA FOUND
- Source citation: Work cat.: (BD-RjUL)86447: আজাদ, আরিফ 18394, বেলা ফুরাবার আগে /, ২০২০